| 000 | 00866nam a2200229Ia 4500 | ||
|---|---|---|---|
| 000 | 01118naaa 00253uu | ||
| 001 | https://directory.doabooks.org/handle/20.500.12854/63287 | ||
| 005 | 20260218105610.0 | ||
| 008 | 211013s9999 xx 000 0 und d | ||
| 020 | _a978-3-402-13735-2 | ||
| 024 | _a10.17438/978-3-402-13735-2 | ||
| 042 | _adc | ||
| 245 | 0 | _aConcepts of Origenism from Late Antiquity to Modern Times : Freedom between Pre-existence and Apokatastasis | |
| 260 |
_bAschendorff Verlag _c2019 |
||
| 300 | _a1 electronic resource (11-44 p.) | ||
| 540 | _aCreative Commons | ||
| 653 | _aOrigenism | ||
| 700 | 1 | _aFurst, Alfons | |
| 856 |
_uhttps://docs.google.com/spreadsheets/d/1yKIrdCPDAG_9c22mwoOIO2DOhtj65Wqa/edit?usp=sharing&ouid=106555315294820607512&rtpof=true&sd=true _yList of Curated E-Books |
||
| 942 | _cE-BOOK | ||
| 999 |
_c45834 _d45834 |
||